000 00622nam a2200229 i 4500
001 C2-0224727
003 PPAK
005 20180728153151.0
008 000511s1957 at a|||| ||||| | eng d
040 _aPPAK
_beng
_cPPAK
_erda
082 0 4 _a930.1
_223
090 0 0 _a930.1
_bCHI
_dKSA
100 1 _aGhilde, Gordon,
_eauthor
245 1 0 _aWhat happened in history
264 1 _aVictoria :
_bPenguin Books ,
_c1957
300 _a288 pages :
_billustrations ;
_c18 cm
336 _2rdacontent
_atext
337 _2rdamedia
_aunmediated
338 _2rdacarrier
_avolume
650 1 0 _aHistory, Ancient
942 _ddc
_cB
999 _c145583
_d145583